000 00851nam a2200289Ia 4500
001 Para_7109
003 CHAP
008 220125s1987 xx 000 0 und d
010 _a205995
040 _cCHAP
090 _aPA FOLLETO 3045
100 _aEyal, Z.
_939215
245 _aThe septoria diseases of wheat :
_b concepts and methods of disease management /
_c by Z. Eyal
260 _aEl Batán, Méx. :
_b CIMMYT
300 _a46 p.
650 _aHongos fitopatógenos
_956132
650 _aSeptoria tritici
_9104503
650 _aTrigo
_x enfermedades
_9115017
710 _aCentro Internacional de Mejoramiento de Maíz y Trigo
_921207
901 _aPA FOLLETO 3045
902 _aA
905 _a0000001987 a 0000000000 00
910 _a1987
942 _cPARA
942 _cPARA
_d1
999 _c205995
_d205995